Los exploradores españoles del siglo XVI (Registro nro. 18114)

Detalles MARC
000 -CABECERA
Longitud fija campo de control 00681nam a2200205 b 4500
001 - NÚMERO DE CONTROL
Número de control bimo0000294284
003 - IDENTIFICADOR DELl NÚMERO DE CONTROL
Identificador del número de control OSt
005 - FECHA Y HORA DE LA ÚLTIMA TRANSACCIÓN
Fecha y hora de la última transacción 20150204075329.0
008 - CÓDIGOS DE INFORMACIÓN DE LONGITUD FIJA
Códigos de información de longitud fija 921013s1989 sp | |||| ||spa d
020 ## - NÚMERO INTERNACIONAL NORMALIZADO PARA LIBROS
Número Internacional Normalizado para Libros (ISBN) 84-7118-620-9
040 ## - FUENTE DE LA CATALOGACIÓN
Centro transcriptor BMC
082 ## - NÚMERO DE LA CLASIFICACIÓN DECIMAL DEWEY
Númeroo de clasificación 980.0102
100 1# - PUNTO DE ACCESO PRINCIPAL-NOMBRE DE PERSONA
Nombre de persona Lummis, Charles F.‏
Fechas asociadas al nombre 1859-1928
9 (RLIN) 31153
245 14 - MENCIÓN DE TÍTULO
Título Los exploradores españoles del siglo XVI
Mención de responsabilidad, etc. Charles F. Lummis ; [traducción, Arturo Cuyás]
260 ## - PUBLICACIÓN, DISTRIBUCIÓN, ETC. (PIE DE IMPRENTA)
Lugar de publicación, distribución, etc. Madrid
Nombre del editor, distribuidor, etc. Palabra
Fecha de publicación, distribución, etc. D.L. 1989
300 ## - DESCRIPCIÓN FÍSICA
Extensión 228 p.
Dimensiones 19 cm
651 #4 - PUNTO DE ACCESO ADICIONAL DE MATERIA - NOMBRE GEOGRÁFICO
Nombre geográfico América española
Subdivisión de materia general Historia
Subdivisión cronológica 1492-1600 (Descubrimiento y conquista)
9 (RLIN) 28565
700 1# - PUNTO DE ACCESO ADICIONAL - NOMBRE DE PERSONA
9 (RLIN) 31152
Nombre de persona Cuyás Armengol, Arturo
Fechas asociadas al nombre 1845-1925
942 ## - ENTRADA DE ELEMENTOS AGREGADOS (KOHA)
Fuente de clasificaión o esquema Dewey Decimal Classification
Koha [por defecto] tipo de item 1- Monografias
Parte de clasificación ahoj
Existencias
Suprimido Perdido Fuente de clasificación o esquema Estropeado Restricciones de uso No para préstamo Código de colección Localización permanente Localización actual Localización en estanter&íacute;as Fecha adquisición Fuente de adquisición Número de inventario Préstamos totales Signatura completa Código de barras Fecha última consulta Fecha último préstamo Fecha del precio de reemplazo Tipo de item de Koha
NULL NULL Dewey Decimal Classification NULL Prestable NULL NULL Biblioteca Miguel de Cervantes - UNICAES Biblioteca Miguel de Cervantes - UNICAES Sala Principal 06/02/2015 Donación - UNAV. 027695 1 980.01 LUM exp 1028105 04/09/2017 16/08/2017 06/02/2015 1- Monografias